Normal view
MARC view
- Díez París, María Teresa
Entry Nombre Personal
001 - NUMERO DE CONTROL
- campo de control: 53402
003 - IDENTIFICADOR DE NUMERO DE CONTROL
- campo de control: MX-MxUPN
005 - FECHA Y HORA DE LA ÜLTIMA TRANSACCIÓN
- campo de control: 20240903132818.0
008 - DATOS DE LONGITUD FIJA
- campo de control de longitud fija: 240903|| acn||aabn | aaa d
040 ## - FUENTE DE CATALOGACIÓN
- Agencia original de catalogación: MX-MxUPN
- Lenguaje de catalogación: spa
- Agencia de transcripción: MX-MxUPN
100 1# - ENCABEZAMIENTO - NOMBRE PERSONAL
- Nombre personal: Díez París, María Teresa
670 ## - FUENTE EN LA QUE SE LOCALIZARON DATOS
- Cita de la fuente: Un ensayo de educación activa : en la escuela de párvulos Alfonso XIII,1920 :
- Información localizada: portada (María Teresa Diez París)
902 ## - CATALOGADOR
- Catalogador: MaríaRobles/030924
